000 00249nam a22000977a 4500
999 _c11307
_d11307
008 190208b ||||| |||| 00| 0 eng d
020 _a9781471150388
100 _aMccullough David
_97048
245 _aThe Wright Brothers
260 _aUK
_bCPI Group
_c2015